Serie A: 150+ Goal Contributions (2000-) - Statistics

General Stats
  • This quiz has been taken 17 times
  • The average score is 19 of 22
Answer Stats
Ranking Player Positions Nationality Matches Goals (assists) Periods Clubs % Correct
6 Zlatan Ibrahimović FW 283 156 (59) 2004-2008, 2010-2011, 2019-2023
100%
11 Alessandro Del Piero MF, FW 313 128 (56) 2000-2005, 2007-2012
94%
1 Francesco Totti MF, FW 446 207 (115) 2000-2017
94%
7 Luca Toni FW 344 157 (47) 2000-2002, 2004-2006, 2009-2010, 2012-2016
94%
5 Alberto Gilardino FW 497 185 (34) 2000-2017
88%
2 Antonio Di Natale FW 444 209 (64) 2002-2016
88%
3 Ciro Immobile FW 353 201 (46) 2008-2009, 2012-2013, 2015-2024
88%
8 Domenico Berardi MF, FW 314 122 (78) 2013-2024
88%
13 Dries Mertens MF, FW 294 113 (60) 2013-2022
88%
21 Edin Džeko FW 268 107 (43) 2015-2023
88%
4 Fabio Quagliarella FW 555 182 (49) 2001-2002, 2005-2023
88%
18 Gonzalo Higuaín MF, FW 224 125 (28) 2013-2020
88%
14 Lorenzo Insigne MF, FW 337 96 (76) 2009-2010, 2012-2022
88%
10 Paulo Dybala MF, FW 348 129 (65) 2012-2013, 2014-2025
88%
9 Antonio Cassano FW 377 110 (88) 2000-2005, 2007-2016
81%
22 Goran Pandev MF, FW 492 101 (49) 2003-2013, 2015-2022
81%
12 Marek Hamšík MF 409 100 (78) 2004-2005, 2007-2019
81%
16 Duván Zapata FW 326 124 (43) 2013-2025
75%
19 Josip Iličić MF, FW 339 96 (56) 2010-2022
75%
20 Rodrigo Palacio MF, FW 357 93 (58) 2009-2021
75%
15 Antonio Candreva DF, MF, FW 502 85 (86) 2007-2008, 2009-2024
69%
17 Fabrizio Miccoli FW 259 103 (57) 2002-2004, 2007-2013
69%
No matching quizzes found
Score Distribution
Percent of People with Each Score
Percentile by Number Answered
Your Score History
You have not taken this quiz